[Event "EYb16, Budva YUG"]
[Site "?"]
[Date "2003.??.??"]
[Round "7"]
[White "Vandenbussche, T."]
[Black "Ragger, M."]
[Result "0-1"]
[WhiteElo "2040"]
[BlackElo "2345"]
[PlyCount "68"]
[EventDate "2003.??.??"]

1. e4 e5 2. Nf3 Nc6 3. d4 exd4 4. Bc4 Nf6 5. e5 d5 6. Bb5 Nd7 7. Bxc6 bxc6 8.
Qxd4 Ba6 9. Nc3 Nb6 10. Bg5 Be7 11. h4 h6 12. Bxe7 Qxe7 13. O-O-O O-O 14. Rh3
Nc4 15. Re1 Rab8 16. Nd1 Rb4 17. b3 Nb6 18. Qc3 Rg4 19. Ne3 d4 20. Nxd4 Qa3+
21. Kb1 Na4 22. Qa1 Rf4 23. Rd1 Rd8 24. bxa4 Rfxd4 25. Qxd4 Rxd4 26. Rxd4 Qc3
27. Rd8+ Kh7 28. Rd7 Bc8 29. Rd3 Qb4+ 30. Rb3 Qe1+ 31. Kb2 Bxh3 32. gxh3 Qxf2
33. Ng4 Qd4+ 34. Kb1 h5 0-1

[Event "EYb16, Budva YUG"]
[Site "?"]
[Date "2003.??.??"]
[Round "7"]
[White "Valeanu, E."]
[Black "Glicenstein, A."]
[Result "1-0"]
[WhiteElo "2220"]
[BlackElo "2305"]
[PlyCount "113"]
[EventDate "2003.??.??"]

1. e4 c5 2. Nf3 Nc6 3. d4 cxd4 4. Nxd4 e5 5. Nb5 d6 6. N1c3 a6 7. Na3 Be6 8.
Nc4 Rb8 9. Ne3 Nf6 10. g3 h5 11. Bg2 Ne7 12. Qd3 Qd7 13. Bd2 Ng4 14. Ned5 Nxd5
15. Nxd5 Nf6 16. c4 Nxd5 17. cxd5 Bh3 18. Bxh3 Qxh3 19. Rc1 Be7 20. Qf1 Qd7 21.
Qd3 h4 22. Ke2 Qh3 23. Qf3 O-O 24. g4 Qxf3+ 25. Kxf3 Bd8 26. Bb4 Bg5 27. Rc7
Rfd8 28. Rb1 a5 29. Bxa5 Ra8 30. Bc3 Rxa2 31. Rxb7 Rda8 32. h3 R8a6 33. Ke2 g6
34. Kd3 Kg7 35. Kc2 Kf8 36. Bb4 Be7 37. Bd2 Ke8 38. Re1 Ra7 39. Rxa7 Rxa7 40.
Re3 Ra4 41. f3 Bd8 42. Ra3 Rc4+ 43. Bc3 Kd7 44. Ra7+ Ke8 45. Kd3 Rc8 46. b4 Bc7
47. Bd2 Bb6 48. Ra6 Rb8 49. Bg5 Bc7 50. Kc4 Kd7 51. Ra7 Re8 52. Bxh4 Kc8 53.
Bf2 Kb8 54. Kb5 Rc8 55. Bb6 Bxb6 56. Kxb6 f5 57. Rg7 1-0

[Event "EYb16, Budva YUG"]
[Site "?"]
[Date "2003.??.??"]
[Round "7"]
[White "Miron, L."]
[Black "Meier, Geo"]
[Result "1/2-1/2"]
[WhiteElo "2175"]
[BlackElo "2300"]
[PlyCount "101"]
[EventDate "2003.??.??"]

1. e4 e6 2. d4 d5 3. Nd2 dxe4 4. Nxe4 Nd7 5. Nf3 Ngf6 6. Nxf6+ Nxf6 7. c3 c5 8.
Ne5 a6 9. Bg5 b5 10. Qf3 Qd5 11. Be2 Bb7 12. Bxf6 Qxf3 13. Bxf3 Bxf3 14. Bxg7
Bxg2 15. Bxh8 Bxh1 16. f3 Bg2 17. Ke2 cxd4 18. Rg1 Bh3 19. Bf6 dxc3 20. bxc3 a5
21. Rg8 Rc8 22. Bg7 Ke7 23. Bxf8+ Rxf8 24. Nc6+ Ke8 25. Rxf8+ Kxf8 26. Nxa5 e5
27. c4 bxc4 28. Nxc4 Be6 29. Kd3 Bd5 30. a4 Bxf3 31. Nxe5 Bg2 32. a5 Ke7 33.
Kd4 f6 34. Nd3 Kd6 35. Nb4 Ba8 36. h4 f5 37. Nd3 Bb7 38. Ke3 Ba6 39. Nb4 Bb7
40. Kf4 Be4 41. Na2 Kc5 42. Nc3 Bd3 43. Ke5 Kb4 44. Nd5+ Kxa5 45. Nf4 Bc2 46.
Kf6 Kb5 47. Kg7 Bd1 48. Kxh7 Kc4 49. Kg6 Bg4 50. Kg5 Kd4 51. h5 1/2-1/2

[Event "EYb16, Budva YUG"]
[Site "?"]
[Date "2003.??.??"]
[Round "7"]
[White "Bove, A."]
[Black "Malinovsky, K."]
[Result "1/2-1/2"]
[WhiteElo "2125"]
[BlackElo "2215"]
[PlyCount "90"]
[EventDate "2003.??.??"]

1. e4 e5 2. Nf3 Nc6 3. Bc4 Nf6 4. d3 Be7 5. c3 d6 6. Qe2 O-O 7. Bb3 h6 8. Nbd2
Be6 9. Bc2 Re8 10. h3 Bf8 11. Nf1 g6 12. g4 d5 13. Ng3 dxe4 14. dxe4 Nh7 15.
Be3 Bg7 16. Nd2 Qe7 17. h4 Rad8 18. h5 g5 19. Bb3 Nd4 20. Qd1 Nxb3 21. axb3 Rd3
22. Qe2 Qd7 23. f3 a6 24. O-O-O Rd8 25. Nc4 b5 26. Na5 b4 27. Qc2 Rxd1+ 28.
Rxd1 Qxd1+ 29. Qxd1 Rxd1+ 30. Kxd1 bxc3 31. bxc3 Bf8 32. Kc2 Bd6 33. c4 Bd7 34.
c5 Be7 35. Kc3 Nf8 36. Nc4 f6 37. Nb2 Ne6 38. b4 Kf7 39. Nf5 Bf8 40. Nc4 Bb5
41. Ng3 Ke8 42. Na3 Ba4 43. Nc4 Kd7 44. Bf2 Bb5 45. Na3 Ba4 1/2-1/2

[Event "EYb16, Budva YUG"]
[Site "?"]
[Date "2003.??.??"]
[Round "7"]
[White "Dzhangobegov, V."]
[Black "Huang, H."]
[Result "1-0"]
[WhiteElo "2240"]
[BlackElo "2080"]
[PlyCount "55"]
[EventDate "2003.??.??"]

1. e4 e6 2. d4 d5 3. Nc3 Nf6 4. Bg5 dxe4 5. Nxe4 Be7 6. Bxf6 Bxf6 7. Nf3 Nd7 8.
Bd3 b6 9. c3 Bb7 10. Qe2 O-O 11. O-O-O Be7 12. h4 Nf6 13. Nxf6+ Bxf6 14. Bxh7+
Kxh7 15. Ng5+ Kh6 16. d5 exd5 17. f4 d4 18. Qd3 g6 19. h5 Bxg5 20. hxg6+ Bh4
21. Qg3 fxg6 22. Rxh4+ Kg7 23. Rxd4 Qe7 24. Qh3 Rf7 25. Rh7+ Kf6 26. Qh4+ Ke6
27. Qg4+ Kf6 28. Qg5+ 1-0

[Event "EYb16, Budva YUG"]
[Site "?"]
[Date "2003.??.??"]
[Round "7"]
[White "Rakitskij, D."]
[Black "Zickus, S."]
[Result "1-0"]
[WhiteElo "2180"]
[BlackElo "2140"]
[PlyCount "63"]
[EventDate "2003.??.??"]

1. e4 d6 2. d4 Nf6 3. Nc3 g6 4. f4 Bg7 5. Nf3 c5 6. Bb5+ Bd7 7. e5 Ng4 8. e6
fxe6 9. Ng5 Bxb5 10. Nxb5 Qa5+ 11. c3 Qxb5 12. Qxg4 Na6 13. Nxe6 Bf6 14. f5
cxd4 15. Nxd4 Bxd4 16. Qxd4 O-O-O 17. Be3 gxf5 18. Qxa7 Nc5 19. O-O-O Nd3+ 20.
Kc2 Nxb2 21. Rb1 Qe2+ 22. Bd2 Qxg2 23. Rhg1 Qe4+ 24. Kxb2 Qd5 25. Ka1 Kc7 26.
c4 Qe5+ 27. Rb2 Rb8 28. Re1 Qg7 29. Qb6+ Kd7 30. Qb5+ Kd8 31. Qxf5 Kc7 32. Bc3
1-0

[Event "EYb16, Budva YUG"]
[Site "?"]
[Date "2003.??.??"]
[Round "7"]
[White "Volodin, A."]
[Black "Pavlik, G."]
[Result "0-1"]
[WhiteElo "2310"]
[BlackElo "2145"]
[PlyCount "88"]
[EventDate "2003.??.??"]

1. d4 d5 2. c4 e6 3. Nc3 Nf6 4. cxd5 exd5 5. Bg5 Nbd7 6. e3 c6 7. Bd3 Be7 8.
Nf3 O-O 9. O-O Re8 10. Qc2 Nf8 11. h3 Ne4 12. Bf4 Ng5 13. Bxg5 Bxg5 14. b4 Re6
15. Ne2 Rh6 16. a4 Ng6 17. Bf5 Nh4 18. Nxh4 Bxh4 19. Bxc8 Rxc8 20. Qf5 Be7 21.
Rab1 Rf6 22. Qd3 b6 23. Rfd1 Rd6 24. Nc3 a6 25. b5 cxb5 26. axb5 a5 27. Ne2 Rd7
28. Rdc1 Rdc7 29. Qb3 Rc4 30. Rxc4 dxc4 31. Qc2 Bb4 32. e4 Qd7 33. d5 Qxb5 34.
Nd4 Qc5 35. Nf5 g6 36. Nh6+ Kg7 37. Ng4 Qd4 38. Qc1 Qd2 39. Qf1 c3 40. Rxb4
axb4 41. Qa1 Qb2 42. Qa6 c2 43. Qxb6 c1=Q+ 44. Kh2 Qc7+ 0-1

[Event "EYb16, Budva YUG"]
[Site "?"]
[Date "2003.??.??"]
[Round "7"]
[White "Vicol, D."]
[Black "Lappage, J."]
[Result "1/2-1/2"]
[WhiteElo "2190"]
[BlackElo "2205"]
[PlyCount "175"]
[EventDate "2003.??.??"]

1. e4 c5 2. Nf3 d6 3. d4 cxd4 4. Nxd4 Nf6 5. Nc3 a6 6. Be2 e6 7. f4 Qb6 8. Nb3
Nc6 9. a3 Be7 10. Qd3 Qc7 11. Be3 b5 12. Nd4 Bb7 13. O-O O-O 14. Rae1 Rac8 15.
Kh1 Rfd8 16. Bf3 Na5 17. Ndxb5 axb5 18. Nxb5 Qc6 19. Na7 Qxc2 20. Qd2 Qxd2 21.
Bxd2 Nc4 22. Nxc8 Rxc8 23. Bb4 Nd7 24. b3 Ncb6 25. e5 Ba6 26. Be2 Bxe2 27. Rxe2
Nd5 28. exd6 Bf8 29. g3 Nxb4 30. axb4 Nf6 31. Rd1 g6 32. Ra2 Rd8 33. b5 Nd5 34.
Ra6 Bxd6 35. b6 Kf8 36. b7 Ke7 37. Ra8 Bb8 38. Rc1 Kd7 39. Kg2 f5 40. Kf3 Re8
41. Rc5 Ne7 42. b4 Nd5 43. b5 h6 44. h3 Rf8 45. Rc6 Ne7 46. Rc2 Nd5 47. Rc1 g5
48. Rc4 Nc7 49. Rd4+ Ke7 50. Rc4 Kd6 51. fxg5 hxg5 52. h4 g4+ 53. Kf2 Kd7 54.
h5 Nxb5 55. h6 Nd6 56. Rc1 e5 57. h7 Nxb7 58. Rh1 Rh8 59. Rxb8 Rxb8 60. h8=Q
Rxh8 61. Rxh8 Nd6 62. Ra8 Ke6 63. Ra6 f4 64. gxf4 exf4 65. Kg2 Ke5 66. Ra5+ Ke4
67. Ra4+ Ke3 68. Ra3+ Kd4 69. Ra4+ Nc4 70. Kf2 Kd3 71. Ra8 Ne5 72. Ra3+ Ke4 73.
Ra4+ Kf5 74. Ra3 g3+ 75. Kg2 Kg4 76. Ra8 Nc4 77. Rg8+ Kf5 78. Rf8+ Kg5 79. Rg8+
Kf5 80. Rf8+ Ke4 81. Re8+ Ne5 82. Ra8 Ng4 83. Ra4+ Kf5 84. Ra5+ Ke4 85. Ra4+
Ke3 86. Ra3+ Ke2 87. Rxg3 Ne3+ 88. Kh3 1/2-1/2

[Event "EYb16, Budva YUG"]
[Site "?"]
[Date "2003.??.??"]
[Round "7"]
[White "Ravic, N."]
[Black "Nithander, V."]
[Result "0-1"]
[WhiteElo "2085"]
[BlackElo "2225"]
[PlyCount "86"]
[EventDate "2003.??.??"]

1. e4 c5 2. Nf3 d6 3. d4 cxd4 4. Nxd4 Nf6 5. Nc3 g6 6. Be3 Bg7 7. f3 O-O 8. Qd2
Nc6 9. O-O-O d5 10. Nxc6 bxc6 11. Bh6 Be6 12. Bxg7 Kxg7 13. e5 Nd7 14. h4 h5
15. g4 Rh8 16. gxh5 Rxh5 17. f4 Qh8 18. Qh2 Qh6 19. Be2 Rf5 20. Rdf1 d4 21. Ne4
Bd5 22. Ng3 Rxf4 23. Kb1 Rxf1+ 24. Rxf1 Qe3 25. h5 Rh8 26. e6 Bxe6 27. Qg2 Ne5
28. hxg6 fxg6 29. Rf2 Ng4 30. Rf3 Qd2 31. Rd3 Qa5 32. b3 Bd5 33. Qg1 Ne3 34.
Kb2 Qc5 35. Nh5+ Rxh5 36. Rxe3 Rh1 37. Qg5 dxe3 38. Bd3 Qd4+ 39. Ka3 Qf6 40.
Qxe3 c5 41. Bb5 Rh8 42. c4 Rh2 43. Qc1 Be4 0-1

[Event "EYb16, Budva YUG"]
[Site "?"]
[Date "2003.??.??"]
[Round "8"]
[White "Balogh, C."]
[Black "Mamedov, Rau"]
[Result "1/2-1/2"]
[WhiteElo "2460"]
[BlackElo "2405"]
[PlyCount "24"]
[EventDate "2003.??.??"]

1. e4 c5 2. Nf3 d6 3. Nc3 Nf6 4. e5 dxe5 5. Nxe5 Nbd7 6. d4 Nxe5 7. dxe5 Qxd1+
8. Kxd1 Ng4 9. Bb5+ Bd7 10. e6 fxe6 11. Bxd7+ Kxd7 12. Ne4 b6 1/2-1/2

[Event "EYb16, Budva YUG"]
[Site "?"]
[Date "2003.??.??"]
[Round "8"]
[White "Romanov, E."]
[Black "Magalashvili, D."]
[Result "1-0"]
[WhiteElo "2405"]
[BlackElo "2250"]
[PlyCount "59"]
[EventDate "2003.??.??"]

1. e4 c5 2. b3 Nc6 3. Bb2 d6 4. f4 e6 5. Qf3 Nf6 6. Nc3 Be7 7. O-O-O a6 8. g4
Nd4 9. Qg2 e5 10. f5 b5 11. g5 Nh5 12. Nh3 Bb7 13. Be2 Nf4 14. Nxf4 exf4 15.
Rhg1 Nxf5 16. Nd5 Bxd5 17. exd5 Nd4 18. Bd3 f3 19. Qg3 O-O 20. Kb1 b4 21. Qh4
g6 22. Rg3 h5 23. c3 bxc3 24. dxc3 Nb5 25. a4 Nc7 26. c4 Rb8 27. Bc2 Re8 28.
Qf4 Bf8 29. Rxf3 Qe7 30. Rdf1 1-0

[Event "EYb16, Budva YUG"]
[Site "?"]
[Date "2003.??.??"]
[Round "8"]
[White "Kuzmicz, K."]
[Black "Czarnota, P."]
[Result "0-1"]
[WhiteElo "2310"]
[BlackElo "2350"]
[PlyCount "93"]
[EventDate "2003.??.??"]

1. g3 g6 2. Bg2 Bg7 3. e4 c5 4. f4 Nc6 5. d3 e6 6. Nf3 Nge7 7. O-O O-O 8. c3 d5
9. Na3 b6 10. e5 a5 11. Nc2 Ba6 12. Re1 b5 13. Be3 c4 14. d4 b4 15. g4 Qd7 16.
Bf2 bxc3 17. bxc3 Rfb8 18. Bh3 Rb2 19. Bh4 Rab8 20. Ne3 Nc8 21. Rf1 N8a7 22.
Qe1 a4 23. Bf6 Bf8 24. Qh4 Nb5 25. Rfc1 Re2 26. Nf1 Qa7 27. Kh1 Nbxd4 28. cxd4
Nxd4 29. Ng1 Reb2 30. Rc3 Ne2 31. Nxe2 Rxe2 32. Rf3 d4 33. Bg2 Bb7 34. Rf2
Bxg2+ 35. Kxg2 Qa8+ 36. Kh3 Rbb2 37. Rxe2 Rxe2 38. Qg3 Rc2 39. Kh4 Rg2 40. Qh3
Rg1 41. Rd1 d3 42. Ne3 Rxd1 43. Nxd1 Qe4 44. Qf1 Qe2 45. Qg1 Qxa2 46. Kh3 Qd2
47. Qh1 0-1

[Event "EYb16, Budva YUG"]
[Site "?"]
[Date "2003.??.??"]
[Round "8"]
[White "Kaplan, S."]
[Black "Papin, V."]
[Result "1-0"]
[WhiteElo "2205"]
[BlackElo "2370"]
[PlyCount "59"]
[EventDate "2003.??.??"]

1. e4 c5 2. Nf3 e6 3. b3 Nf6 4. e5 Nd5 5. Bb2 b6 6. c4 Nc7 7. d4 Bb7 8. dxc5
Bxc5 9. Nc3 O-O 10. Be2 d5 11. exd6 Bxd6 12. O-O f5 13. Nb5 Nxb5 14. cxb5 Qe7
15. Bc4 Nd7 16. Nd4 Rf6 17. Nc6 Bxh2+ 18. Kxh2 Rh6+ 19. Kg1 Bxc6 20. bxc6 Qh4
21. f3 Nc5 22. Qd4 Qh2+ 23. Kf2 Rg6 24. Rg1 Kh8 25. Rad1 h6 26. Bc1 Kh7 27. Qf4
Qh5 28. Rh1 e5 29. Rxh5 exf4 30. Rxf5 1-0

[Event "EYb16, Budva YUG"]
[Site "?"]
[Date "2003.??.??"]
[Round "8"]
[White "Ragger, M."]
[Black "Ponkratov, P."]
[Result "1/2-1/2"]
[WhiteElo "2345"]
[BlackElo "2295"]
[PlyCount "53"]
[EventDate "2003.??.??"]

1. e4 e5 2. Nf3 Nc6 3. d4 exd4 4. Nxd4 Nf6 5. Nxc6 bxc6 6. e5 Qe7 7. Qe2 Nd5 8.
c4 Ba6 9. b3 O-O-O 10. g3 Re8 11. Bb2 f6 12. Qd2 Nb6 13. a4 Qb4 14. a5 Nd5 15.
Be2 Qxd2+ 16. Kxd2 Bb4+ 17. Kd1 Ne7 18. exf6 gxf6 19. Nd2 Rhf8 20. Bd3 f5 21.
Kc2 c5 22. Rhe1 Nc6 23. Bc3 Nd4+ 24. Bxd4 cxd4 25. Rxe8+ Rxe8 26. Nf3 Bc3 27.
Rf1 1/2-1/2

[Event "EYb16, Budva YUG"]
[Site "?"]
[Date "2003.??.??"]
[Round "8"]
[White "Zinchenko, Y."]
[Black "Valeanu, E."]
[Result "0-1"]
[WhiteElo "2320"]
[BlackElo "2220"]
[PlyCount "72"]
[EventDate "2003.??.??"]

1. e4 c5 2. Nf3 d6 3. d4 Nf6 4. Nc3 cxd4 5. Nxd4 a6 6. a4 e5 7. Nf3 h6 8. Bc4
Be7 9. O-O O-O 10. Nh4 Nxe4 11. Nxe4 Bxh4 12. Nxd6 Nc6 13. Be3 Nd4 14. Nxf7
Rxf7 15. Bxd4 Qxd4 16. Bxf7+ Kxf7 17. Qh5+ Kg8 18. Qe8+ Kh7 19. Rad1 Qxb2 20.
c4 Qe2 21. Rd6 Qe4 22. f3 Qf5 23. a5 Bf6 24. Rfd1 Qg6 25. Qa4 Bf5 26. Qb4 Rb8
27. Qb6 e4 28. f4 Bh3 29. R1d2 Re8 30. Qe3 Bc8 31. c5 Qf7 32. c6 bxc6 33. Rxc6
Qb7 34. Rb6 Qc7 35. Rdd6 Qc3 36. Qe2 Bd4+ 0-1

[Event "EYb16, Budva YUG"]
[Site "?"]
[Date "2003.??.??"]
[Round "8"]
[White "Pavlik, G."]
[Black "Lenic, L."]
[Result "1/2-1/2"]
[WhiteElo "2145"]
[BlackElo "2385"]
[PlyCount "77"]
[EventDate "2003.??.??"]

1. e4 c5 2. Nf3 Nc6 3. d4 cxd4 4. Nxd4 e5 5. Nb5 d6 6. c4 Be6 7. N1c3 a6 8. Na3
Be7 9. Be3 Bg5 10. Qd2 Bxe3 11. Qxe3 Nd4 12. Ne2 Qa5+ 13. Qd2 Qxd2+ 14. Kxd2
Nc6 15. Nc3 Nf6 16. Nc2 Rc8 17. f3 g6 18. Be2 Ke7 19. Rac1 Rhd8 20. Rhd1 Nb8
21. Ne3 Nc6 22. Nc2 Nd7 23. Nd5+ Bxd5 24. cxd5 Ncb8 25. Ne3 Nb6 26. Rxc8 Rxc8
27. Rc1 Rxc1 28. Kxc1 N8d7 29. b4 Nf6 30. Kd2 Nh5 31. Bd1 Ng7 32. Bc2 Nc8 33.
a4 Kd8 34. Nc4 Kc7 35. Bd3 Nb6 36. Nxb6 Kxb6 37. a5+ Kc7 38. Ke3 f6 39. g3
1/2-1/2

[Event "EYb16, Budva YUG"]
[Site "?"]
[Date "2003.??.??"]
[Round "8"]
[White "Pokazanjev, N."]
[Black "Ryzhov, I."]
[Result "0-1"]
[WhiteElo "2380"]
[BlackElo "2240"]
[PlyCount "100"]
[EventDate "2003.??.??"]

1. e4 d6 2. d4 e5 3. dxe5 dxe5 4. Qxd8+ Kxd8 5. Bc4 Be6 6. Bxe6 fxe6 7. Nf3 Bd6
8. Bg5+ Nf6 9. Nbd2 Nbd7 10. O-O-O Ke7 11. Bh4 h6 12. Bg3 g5 13. Rhe1 g4 14.
Ng1 Nf8 15. f3 Ng6 16. fxg4 Nxg4 17. Ngf3 h5 18. Nh4 Rag8 19. Nxg6+ Rxg6 20.
Nf3 Rf8 21. Re2 Ke8 22. c3 Rfg8 23. Kc2 Rf8 24. b4 b6 25. Kb3 Rfg8 26. Rdd2 Rf8
27. Ka4 a6 28. c4 Rf7 29. c5 bxc5 30. b5 axb5+ 31. Kxb5 Rf8 32. h3 Nh6 33. Bxe5
Nf7 34. Bc3 e5 35. a4 Ke7 36. a5 Rb8+ 37. Kc4 Rgg8 38. Rb2 Ra8 39. Rb5 Ke6 40.
Ra2 Bf8 41. Kd3 Rd8+ 42. Ke3 Bh6+ 43. Kf2 Nd6 44. Rb3 Nxe4+ 45. Kf1 Rd3 46. Rc2
c4 47. Ra3 Bf8 48. Ra4 Nxc3 49. Rxc4 Nd5 50. a6 Bd6 0-1

[Event "EYb16, Budva YUG"]
[Site "?"]
[Date "2003.??.??"]
[Round "8"]
[White "Moranda, W."]
[Black "Miron, L."]
[Result "1/2-1/2"]
[WhiteElo "2355"]
[BlackElo "2175"]
[PlyCount "144"]
[EventDate "2003.??.??"]

1. d4 c5 2. d5 e5 3. e4 d6 4. Nc3 Be7 5. Nf3 Nf6 6. h3 Nbd7 7. Be3 Nf8 8. Be2
Ng6 9. Qd2 O-O 10. a4 b6 11. O-O Rb8 12. Rfb1 Nxe4 13. Nxe4 f5 14. Bd3 fxe4 15.
Bxe4 Nf4 16. Bxf4 Rxf4 17. Qd3 g6 18. g3 Rf7 19. Kg2 Qf8 20. Rf1 Qh6 21. Rh1
Bd7 22. b3 Rbf8 23. Raf1 Bf5 24. Nd2 Bg5 25. Nc4 Be7 26. h4 Bg4 27. f3 Bd7 28.
Ne3 Bf5 29. Rf2 Bc8 30. Ra1 g5 31. h5 g4 32. Raf1 Bg5 33. Nxg4 Bxg4 34. fxg4
Rxf2+ 35. Rxf2 Rxf2+ 36. Kxf2 Qf6+ 37. Ke2 Qe7 38. Qa6 Qc7 39. Kd3 Kf8 40. Kc4
h6 41. Qb5 Ke7 42. Bf5 Bd2 43. Kd3 Bg5 44. Ke4 Bd2 45. Qd3 Bg5 46. Be6 c4 47.
bxc4 Qc5 48. Kf3 Kd8 49. Qf5 Kc7 50. Bc8 Kb8 51. Ba6 Qc7 52. Ke4 Qd8 53. Qf7
Qc7 54. Qg6 Qe7 55. Bb5 Qf6 56. Qe8+ Qd8 57. Qe6 Qe7 58. Qg8+ Qd8 59. Qg6 Qf8
60. Bc6 Qe7 61. Qg8+ Qd8 62. Qe6 Qe7 63. Kf5 Qxe6+ 64. dxe6 Kc7 65. Bd5 Kd8 66.
Ke4 Ke7 67. Kd3 Kd8 68. c5 bxc5 69. Kc4 Kc7 70. Kb5 Be7 71. a5 Bg5 72. Ka6 Kb8
1/2-1/2

[Event "EYb16, Budva YUG"]
[Site "?"]
[Date "2003.??.??"]
[Round "8"]
[White "Gavariev, R."]
[Black "Rakitskij, D."]
[Result "0-1"]
[WhiteElo "2255"]
[BlackElo "2180"]
[PlyCount "120"]
[EventDate "2003.??.??"]

1. d4 d5 2. c4 dxc4 3. Nf3 Nf6 4. Qa4+ Nc6 5. e3 Nd5 6. Qxc4 Bf5 7. Bd2 e6 8.
Bd3 Nb6 9. Qb3 Bxd3 10. Qxd3 Bd6 11. O-O O-O 12. Nc3 e5 13. Rad1 Qe7 14. dxe5
Bxe5 15. Nxe5 Nxe5 16. Qe2 Rad8 17. Bc1 f5 18. Rxd8 Rxd8 19. Rd1 c6 20. b3
Rxd1+ 21. Qxd1 Qd7 22. Qxd7 Nbxd7 23. Kf1 Kf7 24. Ke2 Ke6 25. Bb2 g6 26. f4 Ng4
27. h3 Ngf6 28. Kf3 Nc5 29. Ne2 Nfe4 30. Nd4+ Kd5 31. g4 Nd3 32. Ba3 c5 33. Nb5
a6 34. Nc7+ Kd6 35. gxf5 gxf5 36. Ne8+ Ke7 37. Ng7 Kf6 38. Nh5+ Kg6 39. Ng3
Nxg3 40. Kxg3 b5 41. Kf3 b4 42. Ke2 Nxf4+ 43. exf4 bxa3 44. Kd3 Kh5 45. Kc4 Kh4
46. Kxc5 Kxh3 47. Kb6 Kg4 48. Kxa6 h5 49. b4 h4 50. b5 h3 51. b6 h2 52. b7 h1=Q
53. b8=Q Qc6+ 54. Ka5 Qd5+ 55. Ka6 Qxa2 56. Qe5 Qc4+ 57. Ka7 a2 58. Qg7+ Kf3
59. Qb7+ Qe4 60. Qb2 Qa4+ 0-1

[Event "EYb16, Budva YUG"]
[Site "?"]
[Date "2003.??.??"]
[Round "8"]
[White "Malinovsky, K."]
[Black "Mikkelsen, N."]
[Result "0-1"]
[WhiteElo "2215"]
[BlackElo "2100"]
[PlyCount "110"]
[EventDate "2003.??.??"]

1. e4 c5 2. Nf3 d6 3. d4 cxd4 4. Nxd4 Nf6 5. Nc3 a6 6. Bg5 e6 7. f4 Qb6 8. Qd2
Qxb2 9. Rb1 Qa3 10. f5 Nc6 11. fxe6 fxe6 12. Nxc6 bxc6 13. e5 dxe5 14. Bxf6
gxf6 15. Ne4 Qxa2 16. Nxf6+ Kf7 17. Rd1 Qb2 18. Ne4 Bb4 19. c3 Qxd2+ 20. Rxd2
Be7 21. Bc4 Rd8 22. O-O+ Kg8 23. Rxd8+ Bxd8 24. Nd6 Bd7 25. Rf7 Be8 26. Rb7 Bg6
27. Bxe6+ Kf8 28. Nc4 Bf6 29. Nb6 Rd8 30. Nd7+ Ke7 31. Bg4 e4 32. Nxf6+ Kxf6
33. Rb6 Kg5 34. Be2 Rd2 35. Kf1 Kf4 36. Rxa6 Ke3 37. Ra3 Bf7 38. c4+ Kd4 39.
Ra7 Bxc4 40. Bxc4 Kxc4 41. Rxh7 Kd3 42. g4 Rd1+ 43. Kg2 e3 44. Rd7+ Ke2 45. Rc7
Kd2 46. Rd7+ Ke1 47. Re7 e2 48. h4 Kd2 49. g5 e1=Q 50. Rxe1 Rxe1 51. g6 Re6 52.
h5 Re5 53. Kf3 Rxh5 54. Kf4 Rh1 55. Kf3 Rg1 0-1

[Event "EYb16, Budva YUG"]
[Site "?"]
[Date "2003.??.??"]
[Round "8"]
[White "Shelajev, O."]
[Black "Ramesa, D."]
[Result "0-1"]
[WhiteElo "2025"]
[BlackElo "2155"]
[PlyCount "70"]
[EventDate "2003.??.??"]

1. d4 Nf6 2. Nf3 g6 3. c4 Bg7 4. Nc3 O-O 5. e4 d6 6. Be2 Bg4 7. O-O Nfd7 8. Be3
Nb6 9. Qb3 Bxf3 10. Bxf3 Nc6 11. e5 Na5 12. Qd1 Nbxc4 13. exd6 cxd6 14. Qe2
Nxe3 15. fxe3 Nc6 16. Qb5 Rb8 17. Rfd1 Bh6 18. Qe2 Qa5 19. Nd5 Kg7 20. a3 e6
21. b4 Qd8 22. Nc3 Qg5 23. Kf2 Ne7 24. g3 e5 25. h4 Qf6 26. Kg2 Qe6 27. Nb5
Rbc8 28. d5 Qd7 29. Nxa7 Rc3 30. Rd3 Rc4 31. b5 f5 32. b6 e4 33. Bxe4 Rxe4 34.
g4 Bf4 35. gxf5 Qxf5 0-1

[Event "EYb16, Budva YUG"]
[Site "?"]
[Date "2003.??.??"]
[Round "8"]
[White "Dzhangobegov, V."]
[Black "Vandenbussche, T."]
[Result "0-1"]
[WhiteElo "2240"]
[BlackElo "2040"]
[PlyCount "82"]
[EventDate "2003.??.??"]

1. e4 g6 2. Bc4 c6 3. Nc3 Nf6 4. e5 d5 5. Be2 Ne4 6. d4 Bg7 7. Bd3 Nxc3 8. bxc3
c5 9. f4 Nc6 10. Nf3 Bg4 11. Be3 Qa5 12. Bd2 c4 13. Be2 e6 14. Nh4 Bxe2 15.
Qxe2 h5 16. h3 Bf8 17. g3 b5 18. Kf2 Rb8 19. a3 Qa4 20. Be3 a5 21. g4 Be7 22.
Nf3 hxg4 23. hxg4 Rxh1 24. Rxh1 Qxa3 25. Bd2 b4 26. f5 bxc3 27. Be3 Rb2 28. f6
Bf8 29. Rh8 Kd7 30. Rh7 Nd8 31. Kg3 Qa2 32. Rh2 a4 33. Bc1 a3 34. Bxb2 cxb2 35.
Nd2 Bb4 36. c3 Bxc3 37. Qd1 Bxd2 38. Qa4+ Nc6 39. Qa8 Qb3+ 40. Kg2 b1=Q 41. Rh7
Qe4+ 0-1

[Event "EYb16, Budva YUG"]
[Site "?"]
[Date "2003.??.??"]
[Round "8"]
[White "Teitelbaums, A."]
[Black "Volodin, A."]
[Result "0-1"]
[WhiteElo "2170"]
[BlackElo "2310"]
[PlyCount "118"]
[EventDate "2003.??.??"]

1. d4 f5 2. g3 Nf6 3. Bg2 g6 4. Nf3 Bg7 5. c4 d6 6. Nc3 O-O 7. O-O Qe8 8. d5 a5
9. Nd4 Na6 10. b3 Bd7 11. Bb2 Rb8 12. a3 c6 13. e3 Nc7 14. Qd2 c5 15. Nde2 b5
16. a4 bxc4 17. bxc4 Rb4 18. Ba3 Rxc4 19. Qd3 Rb4 20. Bxb4 axb4 21. Nd1 Bxa4
22. Nb2 Bb5 23. Nc4 Nd7 24. Qc2 Bxc4 25. Qxc4 Nb6 26. Qb3 Bxa1 27. Rxa1 Qb5 28.
Nf4 Ra8 29. Rxa8+ Nbxa8 30. Bf1 Qa5 31. e4 Qa3 32. Qd1 fxe4 33. Qg4 Qa1 34.
Qc8+ Kg7 35. Qd8 Qf6 36. Qb8 Qf8 37. Qb7 Qf7 38. Bh3 g5 39. Be6 Qe8 40. Nh3
Nxe6 41. dxe6 h6 42. Kg2 b3 43. Qxb3 Nc7 44. Qb7 Nxe6 45. Qxe4 Qg6 46. Qb7 Qf6
47. Qd5 Nd4 48. f4 Qe6 49. Qxe6 Nxe6 50. Kf3 Nd4+ 51. Kg2 Kf6 52. Nf2 h5 53.
fxg5+ Kxg5 54. h4+ Kg6 55. Nh3 Kf6 56. Kg1 Kf7 57. Kf2 Kg7 58. Nf4 e6 59. Ke3
d5 0-1

[Event "EYb16, Budva YUG"]
[Site "?"]
[Date "2003.??.??"]
[Round "8"]
[White "Dimovski, Ne"]
[Black "Skoberne, J."]
[Result "0-1"]
[WhiteElo "2100"]
[BlackElo "2085"]
[PlyCount "52"]
[EventDate "2003.??.??"]

1. e4 g6 2. d4 Bg7 3. Nf3 d6 4. Nc3 Nf6 5. Be2 O-O 6. O-O c6 7. h3 Qc7 8. Be3
e5 9. dxe5 dxe5 10. Bd3 Nbd7 11. Qe2 Re8 12. Nd2 Nh5 13. Qf3 Nf8 14. Ne2 Ne6
15. c3 Nhf4 16. Bxf4 exf4 17. Nb3 Be5 18. Ned4 Ng5 19. Qe2 c5 20. Bb5 cxd4 21.
Bxe8 f3 22. gxf3 Nxh3+ 23. Kh1 Nf4 24. Qb5 Qe7 25. Rfd1 Qh4+ 26. Kg1 Nh3+ 0-1

[Event "EYb16, Budva YUG"]
[Site "?"]
[Date "2003.??.??"]
[Round "8"]
[White "Huang, H."]
[Black "Gigov, M."]
[Result "1-0"]
[WhiteElo "2080"]
[BlackElo "2075"]
[PlyCount "119"]
[EventDate "2003.??.??"]

1. e4 c5 2. Nf3 Nc6 3. d4 cxd4 4. Nxd4 Nf6 5. Nc3 e5 6. Ndb5 d6 7. a4 a6 8. Na3
Be6 9. Bc4 Be7 10. Bg5 Qb6 11. b3 Ng4 12. O-O Nxf2 13. Rxf2 Bxg5 14. Bxe6 Be3
15. Bxf7+ Kd7 16. Be6+ Ke8 17. Qf3 Bxf2+ 18. Qxf2 Qxf2+ 19. Kxf2 Rf8+ 20. Ke3
Nd4 21. Bg4 Rb8 22. Nd5 g6 23. h4 h5 24. Bh3 Rf7 25. Rb1 b5 26. c3 Nc6 27. axb5
axb5 28. Nc2 Kf8 29. Ra1 Ra7 30. Rxa7 Nxa7 31. Ncb4 Kg7 32. Nc7 Kh6 33. Bd7 g5
34. Nba6 Rb6 35. hxg5+ Kxg5 36. Nb4 Rb8 37. Nbd5 Kh4 38. Be8 Kg3 39. Bxh5 Kxg2
40. Be8 Kf1 41. b4 Kg2 42. Bd7 Rb7 43. c4 bxc4 44. b5 c3 45. b6 c2 46. Kd2 Kf3
47. bxa7 Rxa7 48. Bf5 Ra4 49. Nc3 Ra7 50. Ne8 Rf7 51. Nxd6 Rf6 52. Ncb5 Kf4 53.
Kxc2 Rh6 54. Kd3 Rh2 55. Kc4 Rd2 56. Kc5 Rd1 57. Nc4 Re1 58. Kd5 Rd1+ 59. Ke6
Re1 60. Nbd6 1-0

[Event "EYb16, Budva YUG"]
[Site "?"]
[Date "2003.??.??"]
[Round "8"]
[White "Vranes, D."]
[Black "Rodic, Do"]
[Result "0-1"]
[WhiteElo "2040"]
[BlackElo "2100"]
[PlyCount "102"]
[EventDate "2003.??.??"]

1. e4 c6 2. d3 d5 3. Nd2 e5 4. g3 Nf6 5. Ngf3 Qc7 6. Bg2 Bc5 7. O-O O-O 8. Nb3
Bb6 9. Qe2 Nbd7 10. c3 h6 11. h3 c5 12. c4 dxc4 13. dxc4 Nb8 14. Ne1 Nc6 15.
Nc2 Nd4 16. Nbxd4 cxd4 17. b4 a5 18. a3 Ba7 19. bxa5 Be6 20. Re1 Bxc4 21. Qf3
d3 22. Ne3 Bd4 23. Rb1 Qxa5 24. Bd2 Qxd2 25. Nxc4 Qa2 26. Nd6 d2 27. Red1 Rxa3
28. Qe2 Rc3 29. Ra1 Qb2 30. Rab1 Qa2 31. Ra1 Qxa1 32. Rxa1 Rc1+ 33. Bf1 Rxa1
34. Qxd2 Rd8 35. Nf5 Nxe4 36. Qe2 Nf6 37. Nxd4 Rxd4 38. Kh2 Ra5 39. Bg2 b6 40.
Qb2 b5 41. Qc3 Ra2 42. Qc8+ Kh7 43. Qf5+ Kh8 44. Qxe5 Rdd2 45. Qb8+ Kh7 46. Kg1
Rxf2 47. Bc6 Rfc2 48. Bxb5 Ra1+ 49. Bf1 Rcc1 50. Qb2 Rxf1+ 51. Kg2 Ne4 0-1